000
00190 a2200097 4500
001
10841
100
_a
Foster, R.
245
_a
Innovation
260
_a
_b
Macmillan
_c
090
_c
8418
_d
8418
942
_a
NUST-CAE
_c
M
_c
35176
999
_c
245914
_d
245914